Mujer y participación política: un tema de actualidad /
Tallennettuna:
| Päätekijä: | |
|---|---|
| Muut tekijät: | |
| Aineistotyyppi: | Teksti |
| Aiheet: | |
| Tagit: |
Lisää tagi
Ei tageja, Lisää ensimmäinen tagi!
|
MARC
| LEADER | 00000 a a2200000 04500 | ||
|---|---|---|---|
| 001 | 17123 | ||
| 003 | |||
| 040 | |||
| 100 | |a Morales Rojas, Carlos | ||
| 245 | |a Mujer y participación política: |b un tema de actualidad / |c Carlos Morales Rojas | ||
| 650 | |a MUJERES | ||
| 650 | |a PARTICIPACION DE LA MUJER | ||
| 650 | |a PARTICIPACION POLITICA | ||
| 650 | |a ESTADO | ||
| 650 | |a POLITICA | ||
| 650 | |a PODER POLITICO | ||
| 650 | |a LEGISLACION | ||
| 700 | |a Quesada Campos, Isabel | ||
| 773 | |g volumen 7, número 1; páginas 161-175 | ||
| 999 | |c 26845 |d 26845 | ||
